| 000 | 00564nam a2200181Ia 4500 | ||
|---|---|---|---|
| 005 | 20250508164952.0 | ||
| 008 | 008 250505s9999 xx 000 0 hin d | ||
| 037 | _aTextBook | ||
| 040 |
_aFEDL _beng _cFEDL |
||
| 041 |
_ahin _2eng |
||
| 084 |
_a491.43, NCE/R _qFEDL |
||
| 245 | 0 | _aDurva-bhag 3: Kaksha 8th ke liye hindi ke patthya pushtak (Diwtiya bhasha). 2 Vol. | |
| 245 | 0 | _cNCERT. New Delhi | |
| 260 |
_aDehradun, India _bKendriya Braille Press _c2010 |
||
| 546 | _aBraille books | ||
| 942 |
_cTB _h491.43, NCE/R |
||
| 999 |
_c1392360 _d1392360 |
||